Statistics for Top Ice Cream eating countries

Click here to take the quiz!

General Stats

  • This quiz has been taken 41 times
  • The average score is 7 of 10

Answer Stats

Litres per year personAnswer% Correct
20.8USA
98%
10.6Canada
88%
7.0UK
88%
8.0Italy
80%
18.0Australia
78%
8.4Ireland
65%
28.4New Zealand
63%
12.0Sweden
63%
9.8Denmark
50%
14.2Finland
48%

Score Distribution

Percentile by Number Answered

Percent of People with Each Score

Your Score History

You have not taken this quiz